[Event "Cup Mercosur (open)"]
[Site "masterchessopen.com Villa Martelli (Argentina)"]
[Date "2009.08.04"]
[Round "1"]
[White "Colombo Camila (URU)"]
[Black "Bruno Gerardo (ARG)"]
[Result "1-0"]
[WhiteElo "2104"]
[BlackElo "1731"]

1.d4 Nf6 2.c4 e6 3.Nf3 Bb4+ 4.Bd2 c5 5.Bxb4 cxb4 6.g3 O-O 7.Bg2 d6 8.Nbd2 Nc6
9.e4 e5 10.d5 Ne7 11.O-O Ne8 12.Ne1 f5 13.Nd3 a5 14.Rc1 b6 15.f4 fxe4 16.Nxe4
exf4 17.Nxf4 Nf6 18.Ng5 Ng4 19.Nge6 Bxe6 20.Nxe6 {#r} 1-0

[Event "Ch Macedonia (team)"]
[Site "masterchessopen.com Struga (Macedonia)"]
[Date "2009.08.15"]
[Round "6"]
[White "Nestorovic Dejan (SRB)"]
[Black "Stojcevski Zoran (MKD)"]
[Result "1-0"]
[WhiteElo "2405"]
[BlackElo "2384"]

1.d4 Nf6 2.c4 e6 3.Nf3 Bb4+ 4.Nbd2 Nc6 5.a3 Bxd2+ 6.Bxd2 Ne4 7.Be3 d6 8.Qc2 f5
9.g3 Qf6 10.Bg2 O-O 11.O-O e5 12.Rad1 a5 13.b3 h6 14.dxe5 dxe5 15.Bc1 Be6
16.Bb2 Rad8 17.e3 {#r} 1-0

[Event "Zt"]
[Site "masterchessopen.com New Delhi (India)"]
[Date "2009.08.17"]
[Round "13"]
[White "Amir Karim (PAK)"]
[Black "Lama Surbir (NEP)"]
[Result "1-0"]
[WhiteElo "2248"]
[BlackElo "2047"]

1.d4 Nf6 2.c4 e6 3.Nf3 Bb4+ 4.Bd2 Be7 5.Nc3 b6 6.e4 Bb7 7.Bd3 d5 8.e5 Ne4
9.cxd5 exd5 10.O-O O-O 11.Be3 f5 12.exf6 Bxf6 13.Qc2 Re8 14.Nd2 Qe7 15.Rfe1 a6
16.f3 Nxd2 17.Bxh7+ Kf8 18.Qxd2 Nd7 19.Bg6 Red8 20.Rad1 Qb4 21.a3 Qb3 22.Bb1
Qc4 {#r} 1-0

[Event "It (open) \"]
[Site "masterchessopen.com Nuernberg (Germany)"]
[Date "2009.09.03"]
[Round "1"]
[White "Reich Thomas (GER)"]
[Black "Hartmann Thomas (SUI)"]
[Result "1-0"]
[WhiteElo "2368"]
[BlackElo "2083"]

1.d4 Nf6 2.c4 e6 3.Nf3 Bb4+ 4.Nbd2 d5 5.Qa4+ Nc6 6.Ne5 Bd7 7.Nxd7 Qxd7 8.e3
Ne4 9.Qc2 O-O 10.cxd5 Nxd2 11.Bxd2 Qxd5 12.Qc4 Qa5 13.O-O-O Rfd8 14.Bxb4 Nxb4
15.a3 c5 16.axb4 cxb4 17.Kb1 Rac8 18.Qb5 Qc7 19.Bd3 Rd5 20.Qxb4 a5 21.Qd2 {#r}
1-0

[Event "It (open)"]
[Site "masterchessopen.com Borup (Denmark)"]
[Date "2009.09.12"]
[Round "8"]
[White "Akdag Dara (DEN)"]
[Black "Preuss Flemming (DEN)"]
[Result "1-0"]
[WhiteElo "2198"]
[BlackElo "2066"]

1.d4 Nf6 2.c4 e6 3.Nf3 Bb4+ 4.Bd2 Qe7 5.g3 O-O 6.Bg2 Nc6 7.O-O Bxd2 8.Qxd2 d6
9.Nc3 e5 10.Nd5 Qd8 11.Rfd1 Re8 12.Nxf6+ Qxf6 13.d5 Nb8 14.Rac1 b6 15.b4 a5
16.c5 axb4 17.cxb6 cxb6 18.Qxb4 Rxa2 19.Qc4 {#r} 1-0

[Event "Tournament (open) \"]
[Site "masterchessopen.com St. Petersburg (Russia)"]
[Date "2009.10.28"]
[Round "4"]
[White "Kozenkov Valery (RUS)"]
[Black "Stroganov Anatoly (RUS)"]
[Result "1-0"]
[WhiteElo "1943"]
[BlackElo "1900"]

1.d4 Nf6 2.c4 e6 3.Nf3 Bb4+ 4.Bd2 Be7 5.Nc3 b6 6.e4 Bb7 7.Bd3 d6 8.Qe2 Nfd7
9.g4 c5 10.d5 Ne5 11.Nxe5 dxe5 12.O-O-O Na6 13.Kb1 Nc7 14.Bc2 exd5 15.exd5 f6
16.g5 O-O 17.Bxh7+ Kxh7 18.Qh5+ Kg8 19.g6 {#r} 1-0

[Event "It (open)"]
[Site "masterchessopen.com Bogota (Colombia)"]
[Date "2009.10.30"]
[Round "2"]
[White "Castro Oscar H (COL)"]
[Black "Beltran Carlos (COL)"]
[Result "1-0"]
[WhiteElo "2376"]
[BlackElo "2256"]

1.d4 Nf6 2.c4 e6 3.Nf3 Bb4+ 4.Bd2 Bxd2+ 5.Qxd2 d6 6.Nc3 Nc6 7.d5 Ne7 8.e4 e5
9.Bd3 O-O 10.O-O Nh5 11.c5 {#r} 1-0

[Event "Ch World (juniors) (under 16)"]
[Site "masterchessopen.com Kemer (Turkey)"]
[Date "2009.11.13"]
[Round "2"]
[White "Sethuraman S P (IND)"]
[Black "Nikolashvili Giorgi N (GEO)"]
[Result "1-0"]
[WhiteElo "2455"]
[BlackElo "2186"]

1.d4 Nf6 2.c4 e6 3.Nf3 Bb4+ 4.Nbd2 O-O 5.a3 Be7 6.e3 d5 7.Bd3 Nbd7 8.b4 c6
9.Bb2 a5 10.c5 b6 11.O-O bxc5 12.bxc5 Ba6 13.Bxa6 Rxa6 14.Bc3 Qa8 15.Re1 Ra7
16.Qb3 Bd8 17.Qa4 {#r} 1-0

[Event "Ch World (juniors) (under 16)"]
[Site "masterchessopen.com Kemer (Turkey)"]
[Date "2009.11.18"]
[Round "7"]
[White "Gaehwiler Gabriel (SUI)"]
[Black "Rindlisbacher Jan (SUI)"]
[Result "1-0"]
[WhiteElo "2247"]
[BlackElo "2100"]

1.d4 Nf6 2.c4 e6 3.Nf3 Bb4+ 4.Nbd2 c5 5.a3 Bxd2+ 6.Qxd2 cxd4 7.Nxd4 Ne4 8.Qc2
f5 9.g3 b6 10.Bg2 Bb7 11.f3 Nd6 12.Bf4 Nf7 13.O-O-O e5 14.Nxf5 exf4 15.Nxg7+
Kf8 16.Ne6+ dxe6 17.Rxd8+ Nxd8 18.Rd1 Nf7 19.Bh3 Ke7 20.gxf4 Na6 21.f5 Rac8
22.fxe6 Ne5 23.Qf5 Rhd8 24.Qg5+ {#r} 1-0

[Event "Ch World (juniors) (under 16) (g)"]
[Site "masterchessopen.com Kemer (Turkey)"]
[Date "2009.11.18"]
[Round "7"]
[White "Diril Isil (TUR)"]
[Black "Neuhauser Salome (FRA)"]
[Result "1-0"]
[WhiteElo "1570"]
[BlackElo "2021"]

1.d4 Nf6 2.Nf3 e6 3.c4 Bb4+ 4.Bd2 Qe7 5.Nc3 b6 6.Nb5 Bxd2+ 7.Nxd2 Na6 8.e4 e5
9.d5 d6 10.a3 Nc5 11.Nc3 a5 12.b4 axb4 13.axb4 Rxa1 14.Qxa1 Na6 15.c5 Nb8
16.Qa8 Nbd7 17.c6 {#r} 1-0

[Event "NRW-liga 2009/10"]
[Site "masterchessopen.com Germany"]
[Date "2009.11.22"]
[Round "3"]
[White "Brueggemann Juergen (GER)"]
[Black "Wicht Juergen (GER)"]
[Result "1-0"]
[WhiteElo "2230"]
[BlackElo "2147"]

1.d4 Nf6 2.Nf3 e6 3.c4 Bb4+ 4.Nbd2 c5 5.a3 Bxd2+ 6.Bxd2 cxd4 7.Nxd4 O-O 8.e3
Re8 9.Be2 Ne4 10.O-O Nxd2 11.Qxd2 a6 12.Rfd1 Qc7 13.Rac1 Nc6 14.c5 Rb8 15.b4
Nxd4 16.Qxd4 b6 17.Qd6 Qxd6 18.Rxd6 b5 19.Bf3 Kf8 20.Rb6 {#r} 1-0

[Event "It (open)"]
[Site "masterchessopen.com Nantes (France)"]
[Round "6"]
[White "Dobrev Nanko (BUL)"]
[Black "Fedorchuk Sergey A (UKR)"]
[Result "0-1"]
[WhiteElo "2352"]
[BlackElo "2655"]

1.d4 Nf6 2.Nf3 e6 3.c4 Bb4+ 4.Nbd2 O-O 5.a3 Be7 6.e3 b6 7.Qc2 c5 8.Bd3 cxd4
9.Nxd4 Bb7 10.O-O d5 11.Rd1 Nbd7 12.b4 Rc8 13.Bb2 e5 14.Nb5 a6 15.Nc3 dxc4
16.Bxc4 Rc7 17.Qd3 b5 18.Bb3 Qa8 19.e4 Rd8 20.Nd5 Nxd5 21.exd5 Nf6 {#R} 0-1

[Event "Ch India"]
[Site "masterchessopen.com Mumbai (India)"]
[Date "2009.12.10"]
[Round "9"]
[White "Sriram Jha (IND)"]
[Black "Laxman R R (IND)"]
[Result "1-0"]
[WhiteElo "2459"]
[BlackElo "2501"]

1.d4 Nf6 2.c4 e6 3.Nf3 Bb4+ 4.Bd2 c5 5.Bxb4 cxb4 6.a3 Qe7 7.e3 O-O 8.Be2 bxa3
9.Rxa3 b6 10.O-O Bb7 11.Nc3 d5 12.cxd5 Nxd5 13.Nxd5 Bxd5 14.Bd3 Nd7 15.Qe2 Nf6
16.e4 Bb7 17.e5 Bxf3 18.exf6 {#r} 1-0

[Event "It (open)"]
[Site "masterchessopen.com Bad Bertrich (Germany)"]
[Date "2009.12.11"]
[Round "7"]
[White "Possiel Markus"]
[Black "Dittmar Peter (GER)"]
[Result "0-1"]
[WhiteElo "1622"]
[BlackElo "2357"]

1.d4 Nf6 2.c4 e6 3.Nf3 Bb4+ 4.Bd2 Qe7 5.a3 Bxd2+ 6.Nbxd2 d6 7.e3 O-O 8.Bd3 e5
9.dxe5 dxe5 10.Qc2 Nbd7 11.Ng5 h6 12.Nge4 Nxe4 13.Bxe4 Nc5 14.Bf5 Bxf5 15.Qxf5
Rad8 16.Ke2 Nd3 17.Rab1 g6 18.Qf3 f5 19.Rhd1 e4 20.Qh3 Kh7 21.g3 f4 22.gxf4
Rxf4 23.exf4 Nxf4+ {#R} 0-1

[Event "It (open)"]
[Site "masterchessopen.com Marseilles (France)"]
[Date "2009.12.29"]
[Round "7"]
[White "Rezki Bernard (FRA)"]
[Black "Desmas William (FRA)"]
[Result "1-0"]
[WhiteElo "1952"]
[BlackElo "1669"]

1.d4 Nf6 2.c4 e6 3.Nf3 Bb4+ 4.Bd2 Be7 5.Nc3 d5 6.e3 O-O 7.Bd3 c6 8.O-O dxc4
9.Bxc4 b5 10.Bd3 a6 11.e4 Bb7 12.Qc2 h6 13.e5 Nfd7 14.Ne4 Qc7 15.Qc1 c5
16.Bxh6 Rc8 17.Qf4 Qd8 18.Neg5 Qe8 19.Qh4 Qf8 20.Qg4 Kh8 21.Nxe6 fxe6 22.Qg6
Kg8 23.Qh7+ {#r} 1-0

[Event "NRW-liga 2009/10"]
[Site "masterchessopen.com Germany"]
[Date "2010.01.10"]
[Round "5"]
[White "Brueggemann Juergen (GER)"]
[Black "Czybik Nils (GER)"]
[Result "0-1"]
[WhiteElo "2194"]
[BlackElo "2103"]

1.d4 Nf6 2.Nf3 e6 3.c4 Bb4+ 4.Bd2 Qe7 5.g3 O-O 6.Bg2 Bxd2+ 7.Nbxd2 d6 8.Qc2 e5
9.dxe5 dxe5 10.e3 Nc6 11.O-O Bg4 12.Ng5 Rad8 13.Bf3 Nb4 14.Qc1 Bxf3 15.Ngxf3
e4 16.Nh4 Qd7 17.Rd1 Qh3 18.Nf1 Ng4 19.Qc3 Nd3 20.Rd2 Nge5 21.Kh1 Nf3 22.Re2
Nxh4 {#R} 0-1

[Event "Ch England (team) 2009/10 (3 div)"]
[Site "masterchessopen.com England"]
[Date "2010.01.17"]
[Round "4"]
[White "Ward Matthew J (ENG)"]
[Black "Jeffries Majid (ENG)"]
[Result "0-1"]
[WhiteElo "1787"]
[BlackElo "2027"]

1.d4 Nf6 2.Nf3 e6 3.c4 Bb4+ 4.Bd2 Qe7 5.e3 a5 6.Bd3 Nc6 7.O-O d6 8.a3 Bxd2
9.Nbxd2 e5 10.Ne4 O-O 11.Qc2 h6 12.Nxf6+ Qxf6 13.d5 Ne7 14.Rad1 Bg4 15.Be2 Bf5
16.e4 Bd7 17.c5 Rfc8 18.Rc1 Ng6 19.Qb3 Nf4 20.Rfe1 Qg6 21.Nh4 Qg5 {#R} 0-1

[Event "It (open)"]
[Site "masterchessopen.com Novy Bor (Czech Republic)"]
[Date "2010.02.13"]
[Round "1"]
[White "Hruby Vaclav (CZE)"]
[Black "Bores Roman (CZE)"]
[Result "0-1"]
[WhiteElo "1808"]
[BlackElo "2143"]

1.d4 Nf6 2.Nf3 e6 3.c4 Bb4+ 4.Bd2 Qe7 5.a3 Bxd2+ 6.Nbxd2 d6 7.e3 O-O 8.Bd3 e5
9.dxe5 dxe5 10.Qc2 Bg4 11.Ng5 h6 12.h4 a5 13.f3 Bc8 14.O-O-O Nbd7 15.Nh7 Nxh7
16.Bxh7+ Kh8 17.Bd3 Nc5 18.Be2 Bd7 19.Rdg1 Ba4 20.b3 Nxb3+ 21.Nxb3 Qxa3+
22.Qb2 Qxb3 {#R} 0-1

[Event "It (open)"]
[Site "masterchessopen.com Reykjavik (Iceland)"]
[Date "2010.02.24"]
[Round "1"]
[White "Carstensen Jacob (DEN)"]
[Black "Brynjarsson Eirikur Orn (ISL)"]
[Result "1-0"]
[WhiteElo "2350"]
[BlackElo "1650"]

1.d4 Nf6 2.c4 e6 3.Nf3 Bb4+ 4.Nbd2 O-O 5.e3 Bxd2+ 6.Bxd2 Ne4 7.Bd3 Nxd2 8.Qxd2
d6 9.O-O-O Nc6 10.g4 e5 11.Rhg1 Re8 12.dxe5 dxe5 13.Qc2 Qf6 14.Bxh7+ Kh8
15.Be4 Nb4 16.Qb3 a5 17.a3 Nc6 18.Qc3 Ra6 19.g5 Qe6 20.g6 f5 21.Bd5 {#r} 1-0

[Event "Ch Poland (juniors) (under 18)"]
[Site "masterchessopen.com Karpacz (Poland)"]
[Date "2010.03.06"]
[Round "1"]
[White "Scibior Adam (POL)"]
[Black "Grudzien Piotr (POL)"]
[Result "1-0"]
[WhiteElo "2220"]
[BlackElo "1977"]

1.d4 Nf6 2.Nf3 e6 3.c4 Bb4+ 4.Bd2 a5 5.Nc3 b6 6.g3 Ba6 7.b3 O-O 8.Bg2 Ra7
9.O-O d5 10.cxd5 Nxd5 11.Ne4 Nd7 12.a3 Be7 13.Nc3 Nxc3 14.Bxc3 c5 15.Qd2 cxd4
16.Nxd4 Nc5 17.Qb2 Bf6 18.Nc6 Bxc3 19.Qxc3 Qc7 20.Nxa7 Qxa7 21.b4 Nd7 22.Qb2
Nf6 23.Rac1 Nd5 24.Rfd1 {#r} 1-0

[Event "Cup Vladivostok (open)"]
[Site "masterchessopen.com Vladivostok (Russia)"]
[Date "2010.03.19"]
[Round "1"]
[White "Rastorotskiy Mikhail"]
[Black "Petrenko Andrey (RUS)"]
[Result "1-0"]
[WhiteElo "2020"]
[BlackElo "1882"]

1.d4 Nf6 2.Nf3 e6 3.c4 Bb4+ 4.Bd2 Bxd2+ 5.Qxd2 Ne4 6.Qc2 d5 7.e3 O-O 8.Nc3
Nxc3 9.Qxc3 Nd7 10.Bd3 b6 11.cxd5 exd5 12.Qc6 Rb8 13.Qxd5 Bb7 14.Qf5 g6 15.Qf4
c5 16.O-O cxd4 17.Nxd4 Nc5 18.Be2 Qe7 19.Rac1 Rfd8 20.b4 Ne4 21.Rc7 Qf8 22.Bc4
Nd6 23.Ne6 Qe8 24.Qf6 {#r} 1-0

[Event "It (open)"]
[Site "masterchessopen.com Salvador (Brazil)"]
[Date "2010.04.02"]
[Round "2"]
[White "Pinto Douglas"]
[Black "Jatoba De Oliveira Reis Paulo (BRA)"]
[Result "0-1"]
[WhiteElo "1990"]
[BlackElo "2376"]

1.Nf3 Nf6 2.d4 e6 3.c4 Bb4+ 4.Bd2 Qe7 5.a3 Bxd2+ 6.Nfxd2 d6 7.e3 e5 8.Be2 exd4
9.exd4 Bg4 10.f3 Bf5 11.O-O Qe3+ 12.Kh1 Qxd4 13.Qa4+ Nbd7 14.Qb5 Qe5 15.c5
Qxc5 16.Qxb7 O-O 17.Nc3 Rab8 18.Qa6 Rxb2 19.Na4 Nb8 20.Nxc5 Nxa6 21.Nxa6 Rxd2
22.Bb5 c6 {#R} 0-1

[Event "Ch France (juniors) (under 20) (g)"]
[Site "masterchessopen.com Troyes (France)"]
[Date "2010.04.13"]
[Round "3"]
[White "Forestier Carole (FRA)"]
[Black "Belieres Marie (FRA)"]
[Result "1-0"]
[WhiteElo "2088"]
[BlackElo "1430"]

1.d4 Nf6 2.c4 e6 3.Nf3 Bb4+ 4.Bd2 Bxd2+ 5.Nbxd2 O-O 6.e4 d6 7.Bd3 Re8 8.Qc2 e5
9.O-O Bg4 10.Rac1 c5 11.d5 Nbd7 12.h3 Bh5 13.Nh2 Re7 14.f4 Re8 15.g4 Bxg4
16.hxg4 Qe7 17.Qd1 exf4 18.g5 Nxd5 19.cxd5 Qxg5+ 20.Qg4 Qe5 21.Nhf3 Qxb2
22.Qxd7 {#r} 1-0

[Event "Ch Hungary (juniors) (under 16)"]
[Site "masterchessopen.com Budapest (Hungary)"]
[Date "2010.06.30"]
[Round "5"]
[White "Karpati Bank (HUN)"]
[Black "Nemeth Andras (HUN)"]
[Result "0-1"]
[WhiteElo "1766"]
[BlackElo "2069"]

1.d4 Nf6 2.Nf3 e6 3.c4 Bb4+ 4.Bd2 Qe7 5.a3 Bxd2+ 6.Qxd2 d6 7.Qg5 O-O 8.Nbd2
Nbd7 9.e4 h6 10.Qh4 e5 11.dxe5 dxe5 12.Bd3 Rd8 13.O-O Nf8 14.Ne1 Ng6 15.Qg3
Nf4 16.h3 Rxd3 {#R} 0-1

[Event "It (open)"]
[Site "masterchessopen.com Arvier (Italy)"]
[Date "2010.07.03"]
[Round "1"]
[White "Goidts Bruno"]
[Black "Chiarotto Filippo (ITA)"]
[Result "0-1"]
[WhiteElo "1602"]
[BlackElo "2119"]

1.d4 Nf6 2.c4 e6 3.Nf3 Bb4+ 4.Bd2 Qe7 5.Qc2 O-O 6.Nc3 d5 7.e3 c5 8.Bd3 Nc6
9.O-O a6 10.Rfe1 dxc4 11.Bxc4 b5 12.Bd3 Bb7 13.Rac1 c4 14.Bf1 Rfd8 15.Rcd1
Rac8 16.Bc1 Nb8 17.Nd2 h6 18.Be2 e5 19.dxe5 Qxe5 20.Nf3 Qe7 {#R} 0-1

[Event "It (open)"]
[Site "masterchessopen.com Kowalewo Pomorskie (Poland) "]
[Date "2010.07.09"]
[Round "8"]
[White "Choroszej Aleksander (POL)"]
[Black "Jaroch Karol (POL)"]
[Result "0-1"]
[WhiteElo "2122"]
[BlackElo "2261"]

1.d4 Nf6 2.c4 e6 3.Nf3 Bb4+ 4.Bd2 Qe7 5.Nc3 c5 6.dxc5 O-O 7.e3 Bxc3 8.Bxc3 Ne4
9.Qd4 f5 10.Be2 Nc6 11.Qd3 Nxc5 12.Qc2 a5 13.O-O e5 14.Rfd1 d6 15.b3 g5 16.g3
f4 17.gxf4 gxf4 18.Kh1 Bf5 19.Rg1+ Kh8 20.Qb2 Be4 {#R} 0-1

[Event "It (open)"]
[Site "masterchessopen.com La Massana (Andorra)"]
[Date "2010.07.17"]
[Round "1"]
[White "Narciso Dublan Marc (ESP)"]
[Black "Vigneron Quentin (FRA)"]
[Result "1-0"]
[WhiteElo "2553"]
[BlackElo "1931"]

1.d4 Nf6 2.c4 e6 3.Nf3 Bb4+ 4.Nbd2 O-O 5.a3 Be7 6.e4 c5 7.e5 Ne8 8.dxc5 Bxc5
9.Bd3 d5 10.cxd5 exd5 11.Qc2 Qb6 12.O-O g6 13.b4 Be7 14.Qxc8 {#r} 1-0

[Event "It (open)"]
[Site "masterchessopen.com Biel (Switzerland)"]
[Date "2010.07.27"]
[Round "8"]
[White "Lysyj Igor (RUS)"]
[Black "Pavlovic Milos (SRB)"]
[Result "1-0"]
[WhiteElo "2638"]
[BlackElo "2531"]

1.d4 Nf6 2.c4 e6 3.Nf3 Bb4+ 4.Bd2 c5 5.Bxb4 cxb4 6.Nbd2 O-O 7.Qc2 Nc6 8.e3 b6
9.Bd3 Bb7 10.e4 Nh5 11.d5 Nb8 12.e5 h6 13.Ne4 Na6 14.Nd6 Nc5 15.Nxb7 Nxb7
16.Be4 Nc5 17.O-O Rc8 18.Rfe1 f5 19.exf6 gxf6 20.dxe6 dxe6 21.Ne5 Nf4 22.Bf3
{#r} 1-0

[Event "It (open)"]
[Site "masterchessopen.com Tibor (Czech Republic)"]
[Date "2010.08.01"]
[Round "1"]
[White "Zadrapa Radek (CZE)"]
[Black "Bastyr Pavel (CZE)"]
[Result "1-0"]
[WhiteElo "2026"]
[BlackElo "1634"]

1.d4 Nf6 2.c4 e6 3.Nf3 Bb4+ 4.Bd2 c5 5.e3 Qa5 6.Bd3 Nc6 7.O-O O-O 8.Nc3 Qc7
9.a3 Bxc3 10.Bxc3 b6 11.d5 exd5 12.Bxf6 dxc4 13.Bxh7+ Kxh7 14.Qc2+ Kg8 15.Ng5
g6 16.Qe4 {#r} 1-0

[Event "It (open)"]
[Site "masterchessopen.com Latschach (Austria)"]
[Date "2010.08.16"]
[Round "4"]
[White "Medancic Rikard (CRO)"]
[Black "Plug Arjan (NED)"]
[Result "1-0"]
[WhiteElo "2286"]
[BlackElo "1968"]

1.d4 Nf6 2.Nf3 e6 3.c4 Bb4+ 4.Nbd2 Ne4 5.g3 O-O 6.Bg2 c6 7.O-O Nxd2 8.Nxd2 d5
9.Qc2 Nd7 10.Nf3 Be7 11.b3 Bf6 12.Bb2 Rb8 13.Ne5 Be7 14.Nd3 b6 15.e4 dxc4
16.Qxc4 c5 17.Rfd1 b5 18.Qc3 b4 19.Qc2 Qb6 20.dxc5 Bxc5 21.Nxc5 Qxc5 22.Qxc5
Nxc5 23.Be5 Rb6 24.Bd6 {#r} 1-0

[Event "It (open)"]
[Site "masterchessopen.com Iasi (Romania)"]
[Date "2010.08.21"]
[Round "4"]
[White "Itkis Boris (ROM)"]
[Black "Marinescu Mircea (ROM)"]
[Result "0-1"]
[WhiteElo "2436"]
[BlackElo "2208"]

1.d4 e6 2.c4 Nf6 3.Nf3 Bb4+ 4.Nbd2 d5 5.Qa4+ Nc6 6.a3 Be7 7.e3 O-O 8.Bd3 a5
9.O-O Bd7 10.Qc2 a4 11.e4 dxe4 12.Nxe4 Be8 13.Rd1 Nxe4 14.Bxe4 f5 15.Bd3 Bh5
16.Be3 Bxf3 17.gxf3 Nxd4 18.Bxd4 Qxd4 19.Bxf5 Qh4 20.Bxe6+ Kh8 21.Bd5 Bd6
22.Kf1 Rae8 23.Be4 Qh3+ {#R} 0-1

[Event "It (open)"]
[Site "masterchessopen.com Fermo (Italy)"]
[Date "2010.08.22"]
[Round "2"]
[White "Naumkin Igor (RUS)"]
[Black "Maksimovic Milorad M (SRB)"]
[Result "1-0"]
[WhiteElo "2483"]
[BlackElo "2167"]

1.d4 Nf6 2.c4 e6 3.Nf3 Bb4+ 4.Nbd2 O-O 5.g3 d6 6.a3 Bxd2+ 7.Qxd2 b6 8.Bg2 Bb7
9.O-O Nbd7 10.b3 Qe7 11.Bb2 e5 12.d5 Ne4 13.Qc2 f5 14.Nh4 Ng5 15.Nxf5 Qf6
16.e4 g6 17.Nh6+ Kg7 18.f4 Rh8 {#r} 1-0

[Event "It (open)"]
[Site "masterchessopen.com Brezova pod Bradlom (Czech Republic)"]
[Date "2010.08.28"]
[Round "8"]
[White "Pechac Jergus (SVK)"]
[Black "Cannon Richard James (ENG)"]
[Result "0-1"]
[WhiteElo "1885"]
[BlackElo "2135"]

1.Nf3 Nf6 2.d4 e6 3.c4 Bb4+ 4.Bd2 Qe7 5.a3 Bxd2+ 6.Nbxd2 d6 7.e4 e5 8.d5 a5
9.Rc1 a4 10.Bd3 Nbd7 11.O-O Nc5 12.Ne1 O-O 13.h3 Ne8 14.f4 exf4 15.Rc3 g5
16.h4 h6 17.hxg5 hxg5 18.Bc2 Nf6 19.Nd3 Ng4 20.Qe1 Ne3 21.Rf2 Nxc2 {#R} 0-1

[Event "It (open)"]
[Site "masterchessopen.com Amantea (Italy)"]
[Date "2010.08.30"]
[Round "2"]
[White "Rotelli Pietro (ITA)"]
[Black "Gershenov Ben (USA)"]
[Result "0-1"]
[WhiteElo "1959"]
[BlackElo "2022"]

1.d4 Nf6 2.c4 e6 3.Nf3 Bb4+ 4.Bd2 a5 5.a3 Bxd2+ 6.Nbxd2 d6 7.e3 b6 8.Bd3 Bb7
9.O-O Nbd7 10.b4 O-O 11.Qc2 Qe7 12.h3 Bxf3 13.Nxf3 e5 14.e4 exd4 15.Nxd4 Ne5
16.Be2 Ng6 17.f3 Qe5 18.Qd2 Nh5 19.Nc6 Qg3 20.Qe1 Ngf4 {#R} 0-1

[Event "It (open)"]
[Site "masterchessopen.com Cesenatico (Italy)"]
[Date "2010.08.30"]
[Round "1"]
[White "Meyer Peter (GER)"]
[Black "Dittmar Peter (GER)"]
[Result "0-1"]
[WhiteElo "2086"]
[BlackElo "2328"]

1.d4 Nf6 2.c4 e6 3.Nf3 Bb4+ 4.Bd2 Qe7 5.Qc2 a5 6.e4 d6 7.a3 Bxd2+ 8.Nbxd2 e5
9.dxe5 dxe5 10.Qc3 Nc6 11.c5 O-O 12.Bb5 Bd7 13.O-O Nd4 14.Bd3 Rad8 15.Bc4 Ra8
16.Bb5 Bc8 {#R} 0-1

[Event "Ch Provincial"]
[Site "masterchessopen.com Habana (Cuba)"]
[Date "2010.10.28"]
[Round "11"]
[White "Ragolta Franco Eduardo (CUB)"]
[Black "Olivares Francisco (CUB)"]
[Result "1-0"]
[WhiteElo "2194"]
[BlackElo "2283"]

1.d4 Nf6 2.c4 e6 3.Nf3 Bb4+ 4.Bd2 Be7 5.Nc3 d5 6.c5 b6 7.b4 a5 8.a3 c6 9.Bf4
O-O 10.h3 Re8 11.e3 Nfd7 12.Be2 Bf6 13.Bd6 Na6 14.Ne5 Bxe5 15.dxe5 bxc5 16.O-O
cxb4 17.axb4 axb4 18.Na4 Bb7 19.Qd4 Qg5 20.f4 Qh4 21.Rfb1 Qg3 22.Bf3 Rec8
23.Bxb4 g6 24.Be1 {#r} 1-0

[Event "Ch Belgium (team) 2010/11"]
[Site "masterchessopen.com Belgium"]
[Date "2010.11.07"]
[Round "3"]
[White "Godart Francois (FRA)"]
[Black "Deleyn Gunter (BEL)"]
[Result "1-0"]
[WhiteElo "2266"]
[BlackElo "2250"]

1.d4 Nf6 2.c4 e6 3.Nf3 Bb4+ 4.Nbd2 d5 5.Qa4+ Nc6 6.e3 O-O 7.a3 Be7 8.Bd3 Re8
9.O-O Bf8 10.b4 Bd7 11.Qc2 g6 12.Bb2 a6 13.Rac1 Rc8 14.Rfd1 Bg7 15.Nb3 Rb8
16.Nc5 dxc4 17.Bxc4 Na7 18.d5 {#r} 1-0

[Event "It (open) (under 2300)"]
[Site "masterchessopen.com Benidorm (Spain)"]
[Date "2010.12.10"]
[Round "9"]
[White "Voiteanu Gabriel (ROM)"]
[Black "Ortega Serra Marc (ESP)"]
[Result "1-0"]
[WhiteElo "2236"]
[BlackElo "2191"]

1.d4 Nf6 2.c4 e6 3.Nf3 Bb4+ 4.Bd2 Qe7 5.Qc2 Nc6 6.e4 Bxd2+ 7.Nbxd2 d6 8.a3 a5
9.Bd3 e5 10.d5 Nb8 11.O-O O-O 12.b4 Na6 13.c5 Nh5 14.Rfc1 axb4 15.Bxa6 bxa6
16.axb4 Nf4 {#r} 1-0

[Event "Bundesliga B West 2010/11"]
[Site "masterchessopen.com Austria"]
[Date "2011.01.29"]
[Round "7"]
[White "Duer Werner (AUT)"]
[Black "Zoister Stefan (AUT)"]
[Result "1-0"]
[WhiteElo "2241"]
[BlackElo "2229"]

1.d4 Nf6 2.Nf3 e6 3.c4 Bb4+ 4.Nbd2 d6 5.g3 Nbd7 6.Bg2 e5 7.O-O O-O 8.Qc2 Bxd2
9.Bxd2 c5 10.dxe5 dxe5 11.Bc3 Re8 12.Rad1 Qe7 13.e3 e4 14.Nd2 b6 15.Bxf6 Nxf6
16.Nxe4 Bf5 17.Nxf6+ Qxf6 18.e4 {#r} 1-0

[Event "Ch Finland (team) 2010/11 (1 Division)"]
[Site "masterchessopen.com Finland"]
[Date "2011.02.13"]
[Round "8"]
[White "Henttinen Markku I O (FIN)"]
[Black "Nevanlinna Risto (FIN)"]
[Result "0-1"]
[WhiteElo "2270"]
[BlackElo "2252"]

1.d4 Nf6 2.c4 e6 3.Nf3 Bb4+ 4.Bd2 Qe7 5.g3 Nc6 6.a3 Bxd2+ 7.Nbxd2 d6 8.Bg2 e5
9.d5 Nb8 10.e4 O-O 11.O-O a5 12.b4 Na6 13.Ne1 c6 14.Nb3 axb4 15.axb4 Bd7
16.Nd3 Rfc8 17.Rc1 cxd5 18.b5 dxc4 19.bxa6 bxa6 20.Nxe5 dxe5 {#R} 0-1

[Event "Ch Romania"]
[Site "masterchessopen.com Sarata Monteoru (Romania)"]
[Date "2011.02.14"]
[Round "3"]
[White "Iordachescu Sorin-Emanuel"]
[Black "Bors Mircea"]
[Result "1-0"]
[WhiteElo "1903"]
[BlackElo "1651"]

1.d4 Nf6 2.c4 e6 3.Nf3 Bb4+ 4.Bd2 Bxd2+ 5.Nbxd2 b6 6.e4 d6 7.Bd3 Bb7 8.Qc2 c5
9.e5 dxe5 10.dxe5 Nfd7 11.Ne4 O-O 12.O-O-O Qc7 13.Nd6 g6 14.Nxb7 Qxb7 15.Be4
Nc6 16.Rd6 Rac8 17.Qd2 Rfd8 18.Rd1 Rc7 19.Bxc6 Rxc6 20.Rxd7 Rxd7 21.Qxd7 Rc7
22.Qd8+ {#r} 1-0